Nazwy lig piłkarskich - Statystyki

Ogólne statystyki
  • Ten quiz został rozwiązany 268 razy
  • Średni wynik to 9 z 15
Statystyki odpowiedzi
Liga Państwo % Poprawnych
Ekstraklasa Polska
100%
Bundesliga Niemcy
99%
Süper Lig Turcja
91%
Prva Slovonska Nogometna Liga Słowenia
85%
Primiera División Hiszpania
84%
Swisse Super League Szwajcaria
80%
Priemjer-Liga Rosja
76%
Liga MX Meksyk
71%
A-League Australia
55%
Pierszaja Liha Białoruś
55%
Superleague Ellada Grecja
45%
I-League Indie
32%
Úrvalsdeild Islandia
31%
Primiera Divisió Andora
14%
GNEF 1 Maroko
12%
Nie znaleziono quizów pasujących do podanych kryteriów
Rozkład punktacji
Procent ludzi z każdym wynikiem
Percentyl według liczby udzielonych odpowiedzi
Twoja historia wyników
Nie rozwiązałeś tego quizu